Kenali 900 sejarah dan geografi

Bibliographic Details
Main Author: Soraya Nita Othman
Format: Book
Published: Seri Kembangan : Penerbitan Zharfan , 2020
Series:Sistem pengelasan dewey
Subjects:

MARC

LEADER 00000cam a2200000 7i4500
001 0000278306
005 20200922101945.0
020 |a 9789673133956 
090 0 0 |a 025.431   |b SOR 
100 0 |a Soraya Nita Othman 
245 1 0 |a Kenali 900 sejarah dan geografi   |c Soraya Nita Othman 
260 |a Seri Kembangan :   |b Penerbitan Zharfan ,   |c 2020 
300 |a 46p. :   |b ill. ;   |c 26cm. 
490 0 |a Sistem pengelasan dewey 
650 0 |a Classification, Decimal 
650 0 |a Classification, Dewey decimal 
650 0 |a Classification   |v Books 
999 |a 00377412   |b BUKU   |c JUNIOR BOOKS   |e PERPUSTAKAAN KOMUNITI PETALING JAYA